00512nam a2200145Ia 4500008004100000041000800041082001300049100002400062245005000086260003200136300001400168906001300182999001700195952015400212220530s9999 xx 000 0 und d aeng a510bDES aDeshmukh D T956787 aA Text Book of Engineering Mathematics Vol II aNagpurbSurya Offsettc2011 a968 PbPB a52.5bGB c51440d51440 001040708Allied ScienceaCEWNbCEWNd2013-01-18eBook Sourceg350.00o510/DES/ pCEWN-BK-3903r2022-05-30 00:00:00v297.50w2022-05-30yBKz003903